Law and Order UK cast - Statistics

General Stats
  • This quiz has been taken 4 times
  • The average score is 3 of 8
Answer Stats
Picture Answer % Correct
Ronnie Brooks
100%
james Steel
67%
Matt Devlin
67%
Alesha Philips
33%
george castle
33%
Henry Sharpe
0%
Natalie Chandler
0%
Sam casey
0%
No matching quizzes found
Score Distribution
Percent of People with Each Score
Percentile by Number Answered
Your Score History
You have not taken this quiz